[Event "GER-chT U16"]
[Site "Berlin"]
[Date "2005.12.28"]
[Round "4.4"]
[White "Braeutigam, Markus"]
[Black "Gerstner, David"]
[Result "1-0"]
[WhiteElo "1613"]
[BlackElo "1129"]
[PlyCount "65"]
[EventDate "2005.12.27"]
[EventType "team-swiss"]
[EventRounds "7"]
[EventCountry "GER"]
[SourceTitle "EXT 2022"]
[Source "ChessBase"]
[SourceDate "2021.10.06"]
[SourceVersion "1"]
[SourceVersionDate "2021.10.06"]
[SourceQuality "1"]
[WhiteTeam "Kelheim SK U16"]
[BlackTeam "Hoerden U16"]
[WhiteTeamCountry "GER"]
[BlackTeamCountry "GER"]

1. c4 e6 2. Nc3 Nf6 3. g3 d5 4. cxd5 exd5 5. Bg2 Be6 6. Nf3 c6 7. e3 Bd6 8. 0-0 0-0 9. b3 Nbd7 10. Bb2 Re8 11. Qc2 h6 12. Ne2 Bg4 13. Nf4 Bxf4 14. gxf4 Qc7 15. Kh1 Kh8 16. Ne5 Nxe5 17. Bxe5 Qe7 18. f3 Bh5 19. Qc3 Bg6 20. Bh3 Rad8 21. Rf2 Rg8 22. Rg1 a6 23. Rfg2 Rdf8 24. f5 Bh7 25. Rxg7 Rxg7 26. Bxf6 Qxf6 27. Qxf6 Rfg8 28. Rxg7 Rxg7 29. Qh4 Bg8 30. Qxh6+ Rh7 31. Qf6+ Rg7 32. Bg4 Kh7 33. Qh4# 1-0